| 000 | 00389nmm a2200145 a 4500 | ||
|---|---|---|---|
| 003 | AR-BaBNM | ||
| 005 | 20251128204015.0 | ||
| 008 | 093119s1950 ||||||||||||||000 | spa|| | ||
| 040 | _cAR-BaBNM | ||
| 110 | 1 |
_aArgentina _bDirección General de Correos y Telégrafos |
|
| 245 | 1 | 0 | _aRevista de Correos y Telégrafos |
| 260 |
_a[S.l.] _bLa Dirección _c1950 |
||
| 942 | _cBK | ||
| 998 | _cPazienza | ||
| 999 |
_c5796 _d5796 |
||